Skip to content
VuFind
Login
All Fields
Title
Author
Subject
Call Number
ISBN/ISSN
Tag
Find
Advanced
Svarnapali
Cite this
Text this
Email this
Print
Export Record
Export to RefWorks
Export to EndNoteWeb
Export to EndNote
Export to MARC
Export to BibTeX
Export to RIS
Save to List
Permanent link
Svarnapali
Saved in:
Bibliographic Details
Main Author:
Jayaratne, Indra Ranwala
Format:
Book
Published:
1989
Tags:
Add Tag
No Tags, Be the first to tag this record!
Holdings
Description
Comments
Similar Items
Staff View
MARC
LEADER
00000nam a2200000 a 4500
082
|a
954.93
100
|a
Jayaratne, Indra Ranwala
245
|a
Svarnapali
260
|c
1989
300
|a
iv, 21p. 18cm.
942
|c
AFW
999
|c
187909
|d
187909
Similar Items
Velava kiyada
by: Ranwala,Sahan
Published: (2010)
Sri pada, pelmadulla, sambhasha
by: Pagnananda himi, Ranwala
Published: (2014)
Common forest trees of Sri Lanka
by: Ranwala, Sudheera M. W.
Published: (2016)
Kirindi Oya irrigation and setlement project
by: Tudawe, Indra
Published: (1986)
Sri Lankika lamaya avabodha kara ganima : 2002 varshayedi rajaye pasal vala palamuvani shreniyata athulath vu shishyavan pilibanda anavayama adhyanaya (2002 -2006) 2002 varshaya sandadaha vu prathyothaka adhayana malava 40 vani prathyothaka adhayana varthava : kanda udarata theth kalapaye gramiya pasalaka shishyavak
by: Madiwaka, Indra
Published: (2004)